MARC details
| 000 -CABECERA |
| campo de control de longitud fija |
01099nam a22003253a 4500 |
| 003 - IDENTIFICADOR DEL NÚMERO DE CONTROL |
| campo de control |
MX-MxUPN |
| 005 - FECHA Y HORA DE LA ÚLTIMA TRANSACCIÓN |
| campo de control |
20250105020432.0 |
| 008 - ELEMENTOS DE LONGITUD FIJA--INFORMACIÓN GENERAL |
| campo de control de longitud fija |
011001s1997 mx fr 000 0 spa d |
| 020 ## - NÚMERO INTERNACIONAL NORMALIZADO PARA LIBROS |
| Número Internacional Estándar del Libro |
9682997178 |
| 020 ## - NÚMERO INTERNACIONAL NORMALIZADO PARA LIBROS |
| Número Internacional Estándar del Libro |
9789682997174 |
| 035 ## - NÚMERO DE CONTROL DEL SISTEMA |
| Número de control de sistema |
UPN01000112319 |
| 040 ## - FUENTE DE LA CATALOGACIÓN |
| Centro catalogador/agencia de origen |
MX-MxUPN |
| Lengua de catalogación |
spa |
| 041 ## - CÓDIGO DE IDIOMA |
| Código de lengua del texto/banda sonora o título independiente |
spa |
| Código de lengua original |
fre |
| 050 #4 - SIGNATURA TOPOGRÁFICA DE LA BIBLIOTECA DEL CONGRESO |
| Número de clasificación |
F1221 N3 |
| Número de documento/Ítem |
T6.38 |
| 100 1# - ASIENTO PRINCIPAL--NOMBRE PERSONAL |
| Nombre de persona |
Toumi, Sybille |
| 9 (RLIN) |
55089 |
| 245 10 - MENCIÓN DE TÍTULO |
| Título |
De palabras y maravillas : |
| Resto del título |
ensayo sobre la lengua y la cultura de los nahuas : sierra norte de Puebla |
| 260 ## - PUBLICACIÓN, DISTRIBUCIÓN, ETC. |
| Lugar de publicación, distribución, etc. |
México : |
| Nombre del editor, distribuidor, etc. |
Consejo Nacional para la Cultura y las Artes : |
| -- |
Centro Francés de Estudios Mexicanos y Centroamericanos, |
| Fecha de publicación, distribución, etc. |
1997. |
| 300 ## - DESCRIPCIÓN FÍSICA |
| Extensión |
219 páginas |
| 490 0# - MENCIÓN DE SERIE |
| Mención de serie |
Regiones |
| 504 ## - NOTA DE BIBLIOGRAFÍA, ETC. |
| Nota de bibliografía, etc. |
Incluye referencias bibliografías<br/> |
| 530 ## - NOTA DE FORMATO FÍSICO ADICIONAL DISPONIBLE |
| Nota de formato físico adicional disponible |
También disponible en línea |
| 650 #7 - ASIENTO SECUNDARIO DE MATERIA - TERMINO TEMATICO |
| Término de materia o nombre geográfico como elemento de entrada |
Nahuas |
| Subdivisión general |
Historia |
| 9 (RLIN) |
18094 |
| 650 #4 - ASIENTO SECUNDARIO DE MATERIA - TERMINO TEMATICO |
| Término de materia o nombre geográfico como elemento de entrada |
Indígenas de México |
| Subdivisión general |
Lenguas |
| 9 (RLIN) |
13865 |
| 650 #4 - ASIENTO SECUNDARIO DE MATERIA - TERMINO TEMATICO |
| Término de materia o nombre geográfico como elemento de entrada |
NAHUATL |
| 9 (RLIN) |
235 |
| 700 1# - ASIENTO SECUNDARIO--NOMBRE DE PERSONAL |
| Nombre de persona |
Ochoa, Ángela |
| 9 (RLIN) |
55088 |
| Término indicativo de función/relación |
traducción |
| 856 41 - LOCALIZACIÓN Y ACCESO ELECTRÓNICOS |
| Identificador Uniforme del Recurso |
<a href="https://doi.org/10.4000/books.cemca.1735">https://doi.org/10.4000/books.cemca.1735</a> |
| 902 ## - ELEMENTOS DE DATOS B LOCAL, LDB (RLIN) |
| Modificó |
MaríaRobles/040125 |
| 905 ## - TIPO DE MATERIAL |
| Tipo de material |
Libro |
| 942 ## - ELEMENTOS DE PUNTO DE ACCESO ADICIONAL (KOHA) |
| Fuente del sistema de clasificación o colocación |
Library of Congress Classification |
| Tipo de ítem Koha |
Libro |